|
|
|
|
| LEADER |
00000nam0a2200000 4500 |
| 001 |
111579 |
| 005 |
20231031120921.0 |
| 035 |
|
|
|a (RuTPU)RU\TPU\book\120510
|
| 090 |
|
|
|a 111579
|
| 100 |
|
|
|a 20070316d1973 km y0rusy50 ca
|
| 101 |
0 |
|
|a rus
|
| 102 |
|
|
|a RU
|
| 105 |
|
|
|a a z 001zy
|
| 200 |
1 |
|
|a Влияние минеральной части Сибирских углей на загрязнение поверхностей нагрева парогенераторов
|f М. С. Шарловская, А. С. Ривкин
|g Академия наук СССР (АН СССР), Сибирское отделение, Институт физико-химических основ переработки минерального сырья ; под ред. А. А. Отса
|
| 210 |
|
|
|a Новосибирск
|c Наука
|d 1973
|
| 215 |
|
|
|a 242 с.
|c ил.
|
| 320 |
|
|
|a Библиография в конце глав.
|
| 610 |
1 |
|
|a химическая технология
|
| 610 |
1 |
|
|a твердое топливо
|
| 610 |
1 |
|
|a ископаемый уголь
|
| 610 |
1 |
|
|a Сибирь
|
| 610 |
1 |
|
|a минеральный состав
|
| 610 |
1 |
|
|a паровые котлы
|
| 610 |
1 |
|
|a сжигание
|
| 610 |
1 |
|
|a котельные топки
|
| 610 |
1 |
|
|a поверхности нагрева
|
| 610 |
1 |
|
|a золовые отложения
|
| 675 |
|
|
|a 663.66
|v 3
|
| 675 |
|
|
|a 621.182.94
|v 3
|
| 700 |
|
1 |
|a Шарловская
|b М. С.
|g Марина Стефановна
|
| 701 |
|
1 |
|a Ривкин
|b А. С.
|g Александр Семенович
|
| 702 |
|
1 |
|a Отс
|b А. А.
|4 340
|
| 712 |
0 |
2 |
|a Академия наук СССР (АН СССР)
|b Сибирское отделение
|b Институт физико-химических основ переработки минерального сырья
|2 stltpush
|3 (RuTPU)RU\TPU\col\12495
|
| 801 |
|
1 |
|a RU
|b 63413507
|c 20070316
|g PSBO
|
| 801 |
|
2 |
|a RU
|b 63413507
|c 20150403
|g PSBO
|
| 942 |
|
|
|c BK
|